[Event "Evry op 2nd"]
[Site "Evry"]
[Date "2006.11.01"]
[Round "2"]
[White "Kamal, Iaiss"]
[Black "Picarda, Laurent"]
[Result "0-1"]
[WhiteElo "1910"]
[BlackElo "2141"]
[PlyCount "52"]
[EventDate "2006.11.01"]
[EventType "swiss"]
[EventRounds "7"]
[EventCountry "FRA"]
[SourceTitle "EXT 2007"]
[Source "ChessBase"]
[SourceDate "2006.11.23"]
[SourceVersion "1"]
[SourceVersionDate "2006.11.23"]
[SourceQuality "1"]

1. Nf3 c5 2. c4 Nc6 3. g3 Nf6 4. Bg2 d5 5. Na3 d4 6. d3 e5 7. 0-0 Be7 8. Bg5 0-0 9. Bxf6 Bxf6 10. Nd2 Be6 11. Nc2 Be7 12. Rb1 Qd7 13. a3 a5 14. h4 Bh3 15. Nf3 Bxg2 16. Kxg2 f5 17. e3 e4 18. Nfe1 Rad8 19. exd4 cxd4 20. b4 Ne5 21. c5 Qd5 22. Kh3 Qe6 23. Rg1 f4+ 24. g4 h5 25. f3 Nxf3 26. Rg3 hxg4+ 0-1